000 01081nam0a2200313 4500
001 RU\NLR\bibl\505629
005 20260406091629.0
010 _a5-699-04599-6
_93100
021 _aRU
_b2003-72872
_93613
035 _aRSL-KNO-002395145
035 _a(NLR Aleph) 000498193
090 _a1156756
_c1156756
100 _a20031226d2003 |||y0rusy50 ca
101 1 _arus
_ceng
102 _aRU
105 _ay |||||||||
106 _ar
200 1 _aПикник на руинах разума
_eРоман
_fИэн Макьюэн
_g[Пер. с англ. Э. Новиковой]
210 _aМ.
_cЭксмо
_d2003
_eОАО Можайский полигр. комб.
215 _a414,[1] с.
_d17
320 _aДр. произведения авт. на 4-й с. обл.
686 _aШ6(4Вл)67-440.4{Лх1299-50}
700 1 _4070
_7ca
_8rus
_aМакьюэн
_bИ.
_f1948-
_gИэн
_944232
_3RU\NLR\auth\7761302
801 0 _aRU
_bRuMoRKP
_c20031226
_gPSBO
801 1 _aRU
_bRuMoRKP
_c20031226
801 2 _aRU
_bNLR
_c20040329
_gPSBO
942 _cBOOK
980 _aNB